000 pam a22 a 4500
999 _c4621
_d4621
003 AKMAL
005 20170607094842.0
008 17 s2014 my e l 000 0 eng d
020 _a9789670498867
_qpaperback
_cRM 49.00
040 _cAKMAL
082 0 4 _a336.2009595 THO
_223
090 0 0 _a336.2009595
_bTHO
100 1 _aThornton, Richard,
_d1933-,
_eauthor.
_98900
245 1 0 _aQ & A on Personal Taxation in Malaysia :
_bTax Made Easy Through Everyday Conversations /
_cRichard Thornton
264 1 _aPetaling Jaya, Selangor :
_bThomson Reuters Malaysia Sdn Bhd,
_c2014
300 _axii, 262 pages ;
_c25 cm
336 _atext
_2rdacontent
337 _aunmediated
_2rdamedia
338 _avolume
_2rdacarrier
650 1 0 _aTaxation
_zMalaysia
_9179
650 2 0 _aIncome tax
_zMalaysia
_9185
650 2 0 _aTax administration and procedure
_zMalaysia
_9182
942 _2ddc
_cBOOK